Pays avec le plus d'arabes - Statistiques

Statistiques générales
  • Ce quiz a été pris 684 fois
    39 depuis la dernière actualisation
  • Le résultat moyen est 9 sur 11
Statistiques - réponses
Hint Réponse % Correct
6 Algérie
100%
5 Maroc
100%
3 Arabie saoudite
91%
2 Égypte
91%
10 Tunisie
88%
4 Irak
74%
9 Syrie
74%
1 France
71%
8 Yémen
71%
7 Soudan
62%
11 Jordanie
56%
Aucun quiz correspondant
Distribution des résultats
% des personnes avec chaque résultat
Percentile par nombre de réponses
Votre historique - résultats
Vous n’avez pas pris ce quiz depuis la dernière actualisation